Money, banking, and central banking
Salvato in:
| Autore principale: | |
|---|---|
| Natura: | Libro |
| Lingua: | inglese |
| Pubblicazione: |
Nueva York
Harper & Row
1965
|
| Soggetti: | |
| Tags: |
Aggiungi Tag
Nessun Tag, puoi essere il primo ad aggiungerne!!
|
MARC
| LEADER | 00000nam a2200000 a 4500 | ||
|---|---|---|---|
| 001 | UCR8758 | ||
| 003 | CL-VaPUC | ||
| 008 | 980529e19650000US |||||||||||||||||eng|d | ||
| 082 | 0 | 4 | |a 332.4 |b TIM |2 21 |
| 100 | 0 | |a Timberlake, Richard H |e author |9 410940 | |
| 245 | 1 | 0 | |a Money, banking, and central banking |
| 300 | |a 352 p | ||
| 942 | |c BK | ||
| 945 | |d 19980529 00:00:00 |a crobeson | ||
| 260 | |a Nueva York |b Harper & Row |c 1965 | ||
| 650 | 0 | |a Dinero |9 314331 | |
| 650 | 0 | |a Economía financiera |9 359635 | |
| 650 | 0 | |a Bancos |9 254963 | |
| 650 | 7 | |a INSTITUCIONES FINANCIERAS |2 CL-VaPUC |9 257940 | |
| 583 | |a last modification |c 19980529 00:00:00 |k Rodrigo Vera | ||
| 999 | |c 270152 |d 270150 | ||
| 952 | |0 0 |1 0 |4 0 |6 332_400000000000000_TIM_1965 |7 0 |8 A |9 304293 |a BIBENE |b BIBENE |d 2019-11-20 |i 1409158 |o 332.4 TIM 1965 |p 1409158 |r 2025-01-15 |w 2019-11-20 |y BK |k ICO | ||